000 02165cam a2200361 a 4500
001 16829818
003 ARRUPE
005 20131126110132.0
008 110616s2012 nyu b 000 0 eng
010 _a 2011024507
020 _a9780231147088 (cloth : alk. paper)
020 _a9780231519588 (ebook)
040 _aDLC
_cDLC
_dDLC
041 1 _aeng
_hger
042 _apcc
050 0 0 _aB105.J87
_bF6913 2012
082 0 0 _a172/.2
_223
100 1 _aForst, Rainer,
_d1964-
_93767
240 1 0 _aRecht auf Rechtfertigung.
_lEnglish
245 1 4 _aThe right to justification :
_belements of a constructivist theory of justice /
_cRainer Forst ; translated by Jeffrey Flynn.
260 _aNew York :
_bColumbia University Press,
_cc2012.
300 _ax, 351 p. ;
_c24 cm.
490 0 _aNew directions in critical theory
504 _aIncludes bibliographical references.
505 0 _aIntroduction: the foundation of justice -- Practical reason and justifying reasons: on the foundation of morality -- Moral autonomy and the autonomy of morality: toward a theory of normativity after Kant -- Ethics and morality -- The justification of justice: Rawls's political liberalism and Habermas's discourse theory in dialogue -- Political liberty: integrating five conceptions of autonomy -- A critical theory of multicultural toleration -- The rule of reasons: three models of deliberative democracy -- Social justice, justification, and power -- The basic right to justification: toward a constructivist conception of human rights -- Constructions of transnational justice: comparing John Rawls's the law of peoples and Otfried Höffe's democracy in an age of globalisation -- Justice, morality, and power in the global context -- Toward a critical theory of transnational justice.
650 0 _aJustice (Philosophy)
_93768
650 0 _aConstructivism (Philosophy)
_93769
650 0 _aJustification (Ethics)
_93770
700 1 _aFlynn, Jeffrey
_q(Jeffrey Regan)
_93771
906 _a7
_bcbc
_corignew
_d1
_eecip
_f20
_gy-gencatlg
942 _2lcc
_cMONOGRAPH
999 _c118666
_d118666